000 00625nam a2200193Ia 4500
008 230921s9999||||xx |||||||||||||| ||und||
020 _a978-3-030-04076-5
022 _a2543-0068
041 _aEN
100 _aJacques Charmes
245 0 _aDimensions of Resilience in Developing Countries
250 _a1st ed. 2019
260 _c2019
_bSpringer International Publishing
300 _b10
440 _aDemographic Transformation and Socio-Economic Development
856 _uhttps://doi.org/10.1007/978-3-030-04076-5
856 _uhttps://link.springer.com/openurl?genre=book&isbn=978-3-030-04076-5
942 _cEB
999 _c257411
_d257411